00285nam a2200109Ia 4500008004100000041000800041100001500049245003200064260003500096300000900131700003500140250110s9999 xx 000 0 und d aeng aJain Sneha aResidential School In Latur bFinal Year B. Arch, BNCAc2012 a125p aGuide Name:Sahstrabuddhe Swati